Hướng dẫ thiết kế hệ thống lạnh /

Guardat en:
Dades bibliogràfiques
Autor principal: Nguyễn Đức Lợi
Format: Llibre
Idioma:Vietnamese
Publicat: H. : Khoa học và Kỹ thuật , 1999
Edició:Tái bản lần thứ 3
Matèries:
Etiquetes: Afegir etiqueta
Sense etiquetes, Sigues el primer a etiquetar aquest registre!
Thư viện lưu trữ: Thư viện Trường CĐ Kỹ Thuật Cao Thắng
LEADER 00864nam a2200229 a 4500
001 TVCDKTCT2015
003 Thư viện trường Cao đẳng Kỹ thuật Cao Thắng
005 20170602155327.6
008 050813
980 \ \ |a Thư viện Trường CĐ Kỹ Thuật Cao Thắng 
024 |a RG_1 #1 eb0 i1 
041 0 # |a vie 
082 # # |a 621.56 /   |b NG527L-h 
100 1 # |a Nguyễn Đức Lợi 
245 0 0 |a Hướng dẫ thiết kế hệ thống lạnh /   |c Nguyễn Đức Lợi 
250 # # |a Tái bản lần thứ 3 
260 # # |a H. :   |b Khoa học và Kỹ thuật ,   |c 1999 
300 # # |a 336tr. ;   |c 24cm 
650 # 4 |a Kỹ nghệ lạnh 
650 # 4 |a Kỹ thuật làm lạnh 
721 # # |a CNKT Nhiệt lạnh 
841 # # |b Kho Sách   |j 100003517, 100004405, 100004406, 100005477, 100016069, 100016070, 100016072